Vista normal
Vista MARC
Entrada Personal Name
Número de registros utilizados en: 1
001 - CONTROL NUMBER
- control field: 14805
003 - CONTROL NUMBER IDENTIFIER
- control field: DLC
005 - DATE AND TIME OF LATEST TRANSACTION
- control field: 20230907135929.0
008 - FIXED-LENGTH DATA ELEMENTS
- fixed length control field: 230616n| azannaabn |a aaa c
010 ## - LIBRARY OF CONGRESS CONTROL NUMBER
- LC control number: no2023069131
035 ## - SYSTEM CONTROL NUMBER
- System control number: (OCoLC)oca15406182
040 ## - CATALOGING SOURCE
- Original cataloging agency: NmU
- Language of cataloging: spa
- Description conventions: rda
- Transcribing agency: Mx-PuUPA
- Modifying agency: Mx-PuUPA
100 1# - HEADING--PERSONAL NAME
- Personal name: Godínez Bazán, Guadalupe,
374 ## - OCCUPATION
- Occupation: Autor
375 ## - GENDER
- Gender: mujer
377 ## - ASSOCIATED LANGUAGE
- Language code: spa
400 1# - SEE FROM TRACING--PERSONAL NAME
- Personal name: Bazán, Guadalupe Godínez
670 ## - SOURCE DATA FOUND
- Source citation: ¡No al glifosato!, 2022:
- Information found: title page (Guadalupe Godínez Bazán)